Corporate venture capital: The role of governance factors; Journal of Business Research; Vol. 69, iss. 11
| Parent link: | Journal of Business Research Vol. 69, iss. 11.— 2016.— [P. 4744-4749] |
|---|---|
| Autore principale: | |
| Ente Autore: | |
| Altri autori: | , |
| Riassunto: | Title screen Research on corporate venture capital (CVC) has consistently proven its importance for innovation and other strategic goals, yet information on the antecedents of CVC activity is scarce. This study provides theoretical arguments for the role of governance factors including board, CEO, and institutional ownership characteristics. Empirical evidence from an international sample of global CVC investments shows that factors such as having a board with multiple board mandates and institutional ownership are important factors for CVC activity. The conclusion is that the role of governance factors is important, and that subsequent research should not ignore this group of factors. Доступ по договору с организацией-держателем ресурса |
| Lingua: | inglese |
| Pubblicazione: |
2016
|
| Soggetti: | |
| Accesso online: | https://doi.org/10.1016/j.jbusres.2016.04.024 |
| Natura: | MixedMaterials Elettronico Capitolo di libro |
| KOHA link: | https://koha.lib.tpu.ru/cgi-bin/koha/opac-detail.pl?biblionumber=662742 |
MARC
| LEADER | 00000naa0a2200000 4500 | ||
|---|---|---|---|
| 001 | 662742 | ||
| 005 | 20250410150034.0 | ||
| 035 | |a (RuTPU)RU\TPU\network\33898 | ||
| 035 | |a RU\TPU\network\22197 | ||
| 090 | |a 662742 | ||
| 100 | |a 20201002d2016 k||y0rusy50 ba | ||
| 101 | 0 | |a eng | |
| 102 | |a NL | ||
| 135 | |a drnn ---uucaa | ||
| 181 | 0 | |a i | |
| 182 | 0 | |a b | |
| 200 | 1 | |a Corporate venture capital: The role of governance factors |f S. A. Anokhin, S. I. Peck, J. Wincent | |
| 203 | |a Text |c electronic | ||
| 300 | |a Title screen | ||
| 330 | |a Research on corporate venture capital (CVC) has consistently proven its importance for innovation and other strategic goals, yet information on the antecedents of CVC activity is scarce. This study provides theoretical arguments for the role of governance factors including board, CEO, and institutional ownership characteristics. Empirical evidence from an international sample of global CVC investments shows that factors such as having a board with multiple board mandates and institutional ownership are important factors for CVC activity. The conclusion is that the role of governance factors is important, and that subsequent research should not ignore this group of factors. | ||
| 333 | |a Доступ по договору с организацией-держателем ресурса | ||
| 461 | |t Journal of Business Research | ||
| 463 | |t Vol. 69, iss. 11 |v [P. 4744-4749] |d 2016 | ||
| 610 | 1 | |a электронный ресурс | |
| 610 | 1 | |a труды учёных ТПУ | |
| 610 | 1 | |a corporate venture capital | |
| 610 | 1 | |a CVC investments | |
| 610 | 1 | |a corporate governance | |
| 610 | 1 | |a венчурный капитал | |
| 610 | 1 | |a инвестиции | |
| 610 | 1 | |a корпоративное управление | |
| 700 | 1 | |a Anokhin |b S. A. |c economist |c Professor of Tomsk Polytechnic University, Ph.D |f 1977- |g Sergey Aleksandrovich |3 (RuTPU)RU\TPU\pers\46495 |9 22160 | |
| 701 | 1 | |a Peck |b S. I. |g Simon | |
| 701 | 1 | |a Wincent |b J. |g Joakim | |
| 712 | 0 | 2 | |a Национальный исследовательский Томский политехнический университет |b Институт социально-гуманитарных технологий |b Кафедра менеджмента |3 (RuTPU)RU\TPU\col\18855 |9 27225 |
| 801 | 2 | |a RU |b 63413507 |c 20201002 |g RCR | |
| 856 | 4 | |u https://doi.org/10.1016/j.jbusres.2016.04.024 | |
| 942 | |c CF | ||